Es-tu un vrai fan d'Aespa ? 🥰 - Statistiques

Statistiques générales
  • Ce quiz a Ă©tĂ© pris 562 fois
    90 depuis la dernière actualisation
  • Le rĂ©sultat moyen est 51 sur 90
Statistiques - réponses
Hint Réponse % Correct
A 2025 (M/V-Rich Man) Rich Man
90%
A 2024 (M/V-Armageddon) Armageddon
88%
A 2023 (M/V-Drama) Drama
88%
A 2020 (M/V) Black Mamba
86%
A 2022 (M/V-Girls) Girls
84%
A 2021 (M/V-Savage) Savage
84%
B Âge 25 ans
82%
A 2024 (M/V-Armageddon) Supernova
82%
A 2024 (M/V-Whiplash) Whiplash
82%
B Année de naissance 2000
80%
C Année de naissance 2000
80%
C Âge 25 ans
80%
A 2024 (M/V-Hot Mess) Hot Mess
80%
B Nationalité Sud-coréenne
80%
D Nationalité Sud-coréenne
80%
B Solo UP
80%
E Âge 23 ans
78%
D Âge 25 ans
78%
E Nationalité Chinoise
78%
D Année de naissance 2001
76%
E Année de naissance 2002
76%
C Nationalité Japonaise
76%
A 2021 (M/V) Next Level
75%
A 2025 (M/V) Dirty Work
71%
A 2023 (M/V-My World) Spicy
69%
D Solo Spark
65%
E Solo Bored!
63%
C Solo Dopamine
63%
A 2023 (M/V-My World) Welcome To MY World
61%
A 2024 (Armageddon) BAHAMA
59%
B Solo Good Stuff
59%
A 2021 (M/V) Dreams Come True
57%
A 2022 (Girls) Illusion
57%
D Solo Blue
55%
A 2025 (Rich Man) Drift
55%
A 2024 (Whiplash) Flowers
55%
A 2024 (Whiplash) Kill It
55%
A 2024 (Armageddon) Mine
55%
D Anniversaire 1 janvier
53%
A 2025 (Rich Man) Bubble
53%
A 2021 (M/V) Forever
53%
A 2024 (Armageddon) Licorice
53%
A 2022 (Girls) Life's Too Short
53%
A 2022 (M/V-Girls) Life's Too Short (English Version)
53%
A 2024 (M/V-Armageddon) Live My Life
53%
A 2021 (Savage) Lucid Dream
53%
A 2024 (Whiplash) Pink Hoodie
53%
A 2024 (Armageddon) Set The Tone
53%
A 2021 (Savage) aenergy
51%
A 2021 (Savage) YEPPI YEPPI
51%
A 2023 (Drama) You
51%
B Anniversaire 11 avril
49%
A 2025 (Rich Man) Angel #48
49%
A 2023 (M/V) Better Things
49%
A 2025 (Rich Man) Count On Me
49%
A 2023 (Drama) Hot Air Balloon
49%
A 2023 (My World) Salty & Sweet
49%
A 2023 (My World) Thirsty
49%
B Nom complet Yu Ji-min
49%
A 2024 (Hot Mess) ZOOM ZOOM
49%
A 2022 (Girls) ICU
47%
D Nom complet Kim Min-jeong
47%
A 2024 (Armageddon) Long Chat (#❤️)
47%
A 2024 (Armageddon) Melody
47%
A 2024 (Armageddon) Prologue
47%
A 2025 (Rich Man) To The Girls
47%
C Anniversaire 30 octobre
45%
A 2021 (Savage) ICONIC
45%
A 2023 (My World) I'm Unhappy
45%
A 2022 (Girls) Lingo
45%
A 2023 (Drama) Trick or Trick
45%
A 2023 (Drama) YOLO
45%
A 2025 Dark Arts
43%
A 2021 (Savage) I'll Make You Cry
43%
A 2024 (Hot Mess) Sun and Moon
43%
C Solo Tornado
43%
E Anniversaire 23 octobre
41%
A 2023 (Drama) Don't Blink
41%
A 2024 (Whiplash) Flights, Not Feelings
41%
A 2024 (Whiplash) Just Another Girl
41%
C Nom complet Uchinaga Aeri
41%
A 2023 (My World) 'Til We Meet Again
39%
E Solo Ketchup and Lemonade
37%
B Solo Menagerie
37%
A 2023 Hold On Tight
35%
E Nom complet Ning Yizhuo
33%
A 2022 (M/V) Beautiful Christmas
27%
C Solo 2HOT4U
25%
E Solo Wake Up
22%
D Solo Lips
20%
Aucun quiz correspondant
Distribution des résultats
% des personnes avec chaque résultat
Percentile par nombre de réponses
Votre historique - résultats
Vous n’avez pas pris ce quiz depuis la dernière actualisation